| 000 | 00000nam##2200000za#4500 |
| 001 | 9.681656 |
| 003 | CaOODSP |
| 005 | 20200330071534 |
| 007 | ta |
| 008 | 150407|2001||||xxc||||| f|0| 0 fre|d |
| 020 | |a0-662-86349-6 |
| 040 | |aCaOODSP|bfre |
| 043 | |an-cn--- |
| 086 | 1 |aH39-509/2001-2F |
| 110 | 1 |aCanada.|bSanté Canada. |bDirection générale de la santé de la population et de la santé publique. |
| 245 | 10|aOutils de communication II : |bla communication efficace ... à votre service : guide de ressources |
| 260 | |aOttawa - Ontario : |bSanté Canada. |c2001. |
| 300 | |av, 31p. : |bréférences ; |c28 cm. |
| 563 | |aCouverture souple |
| 590 | |a02-21|b2002-05-24 |
| 691 | 07|aCommunication orale|2gcpds |
| 691 | 07|aDiagnostic|2gcpds |
| 691 | 07|aMédecine|2gcpds |
| 775 | 08|tTalking tools II : |w(CaOODSP)9.648363 |
| 776 | 0#|tOutils de communication II : |w(CaOODSP)9.640401 |